Macroeconomic policy and the optimal destruction of vampires

Gespeichert in:
Bibliographische Detailangaben
1. Verfasser: Snower, Dennis J.
Format: Buch
Sprache:Englisch
Veröffentlicht: Vienna Institute for Advanced Studies 1981
Schriftenreihe:Research Memorandum no. 162
Tags: Tag hinzufügen
Keine Tags, Fügen Sie das erste Tag hinzu!

MARC

LEADER 00000nam a2200000 4500
001 c142362
005 20221207074749.0
041 0 |a eng 
044 |a AT 
245 1 0 |a Macroeconomic policy and the optimal destruction of vampires 
264 1 |a Vienna  |b Institute for Advanced Studies  |c 1981 
300 |a 13 s. 
490 1 |a Research Memorandum  |v no. 162 
830 0 |a Research Memorandum  |v no. 162 
100 1 |a Snower, Dennis J.